New light's bank specialist officers common written examination (CWE) / (Record no. 90599)

MARC details
000 -LEADER
fixed length control field 00668nam a22002057a 4500
005 - DATE AND TIME OF LATEST TRANSACTION
control field 20150108124701.0
010 ## - LCCN (DPL NO)
LC control number ENG-111529
020 ## - INTERNATIONAL STANDARD BOOK NUMBER
Terms of availability 9788189923396
International Standard Book Number 375.00
035 ## - SYSTEM CONTROL NUMBER
System control number EN-95061
037 ## - SOURCE OF ACQUISITION
Source of stock number/acquisition DBAD/PUB
082 ## - DEWEY DECIMAL CLASSIFICATION NUMBER
Classification number 000
100 ## - MAIN ENTRY--PERSONAL NAME
Personal name Mehta,Ashok
245 ## - TITLE STATEMENT
Title New light's bank specialist officers common written examination (CWE) /
Statement of responsibility, etc by Ashok Mehta, Manish Arora [and] S.L.Gulati
260 ## - PUBLICATION, DISTRIBUTION, ETC. (IMPRINT)
Place of publication, distribution, etc New Delhi
Name of publisher, distributor, etc New Light Publishers
Date of publication, distribution, etc 2015
270 ## - ADDRESS
Address B-8,Rattan Jyoti,18,Rajendra Place
City New Delhi
Postal code 110008
300 ## - PHYSICAL DESCRIPTION
Extent various pagings
Dimensions 28cm(pbk)
Other physical details ill.
700 ## - ADDED ENTRY--PERSONAL NAME
Dates associated with a name Arora,Manish
700 ## - ADDED ENTRY--PERSONAL NAME
Dates associated with a name Gulati,S.L.
942 ## - ADDED ENTRY ELEMENTS (KOHA)
Source of classification or shelving scheme Dewey Decimal Classification
Item type English Books
Call number suffix MEH
Classification part 000
Holdings
Withdrawn status Lost status Not for loan Collection code Home library Current library Date acquired Source of acquisition Cost, normal purchase price Full call number Barcode Copy number Cost, replacement price Koha item type
    Not For Loan Non-fiction D.B.Act.Division D.B.Act.Division 07/01/2015 DBAD / PUB 375.00 000 MEH EN-95061 1 375.00 English Books

© Delhi Public Library
Hit Counter
free hit counter